Darts-Spitznamen der Spieler - Statistiken

Allgemein
  • Dieses Quiz wurde 953 mal gespielt
  • Das Durchschnittsergebnis liegt bei 27 aus 35
Antwortstatistiken
Spitzname Spieler % Korrekt
Snakebite Peter Wright
99%
The Iceman Gerwyn Price
97%
Mighty Mike Michael van Gerwen
97%
The Flying Scotsman Gary Anderson
96%
Bully Boy Michael Smith
95%
Maximiser Max Hopp
94%
The Asp Nathan Aspinall
94%
The Power Phil Taylor
94%
The German Giant Gabriel Clemens
93%
Chizzy Dave Chisnall
92%
Barney Raymond van Barneveld
91%
Voltage Rob Cross
89%
The Wall Martin Schindler
87%
Jackpot Adrian Lewis
83%
The Machine James Wade
83%
The Bullet Stephen Bunting
82%
The King Merwyn King
81%
The Dreammaker Dimitri van den Bergh
80%
The Rockstar Joe Cullen
79%
The Wizard Simon Whitlock
79%
The Ferret Jonny Clayton
78%
Superchin Daryl Gurney
76%
The Polish Eagle Krzystof Ratajski
76%
The Special One Jose de Sousa
73%
Hollywood Chris Dobey
72%
The Gentle Mensur Suljovic
66%
Rapid Ricky Evans
66%
The Highlander John Henderson
61%
Diamond Ian White
60%
The Hurricane Kim Huybrechts
60%
The Freeze Danny Noppert
58%
Duzza Glen Durrant
55%
The Machine Gun Jermaine Wattimena
42%
The Black Cobra Jeffrey de Zwaan
37%
Simply Steve West
17%
Keine übereinstimmenden Quizze gefunden
Verteilung der Resultate
Anzahl Personen mit jedem Resultat
Perzentil nach korrekt beantworteten Fragen
Ihre Resultats-Entwicklung
Sie haben dieses Quiz noch nicht gespielt